000 00795nam a2200229 a 4500
999 _c2879
_d2879
001 2879
003 BD-JhCC
005 20171108091913.0
008 171107s1965 bg |||| ||a| 000 0 ben d
035 _a(BD-JhCC)2879
040 _aBD-JhCC
_dBD-JhCC
041 _aeng
082 _a920
_bFAN 1965
100 _aফ্যানিং, লিওনার্দ এম
245 _aবিজ্ঞানের বীর সেনানী /
_cলিওনার্দ এম ফ্যানিং; মীর দেওয়ান আলী (অনু.)
260 _aঢাকা :
_bসাহিত্যিকা,
_c1965.
300 _a285 p. :
_c22 cm.
650 _aCollection of Biography
700 _aআলী, মীর দেওয়ান
942 _2ddc
_cBK